| 000 | 00621 a2200193 4500 | ||
|---|---|---|---|
| 020 | _a0136298257 | ||
| 040 | _aDLC | ||
| 082 | 0 | 0 | _a005.1 |
| 100 | 2 | _aWirfs-Brock, Rebecca. | |
| 245 | 1 | 0 |
_aDesigning object-oriented software _cRebecca Wirfs-Brock, Brian Wilkerson, Lauren Wiener. |
| 260 |
_aEnglewood Cliffs, N.J. : _bPrentice Hall, _cc1990. |
||
| 300 |
_axix, 341 p. : _bill. ; _c24 cm. |
||
| 500 | _aIncludes index. | ||
| 650 | 0 | _aObject-oriented programming (Computer science) | |
| 650 | 0 |
_aComputer software _xDevelopment. |
|
| 700 | 1 | _aWilkerson, Brian. | |
| 700 | 1 | _aWiener, Lauren. | |
| 942 |
_cBK _k005.1 WIR _2ddc |
||
| 999 |
_c5852 _d5852 |
||